LEADER 01065nam a2200277 u 4500 001 000000092580 003 CaOOAMICUS 005 20070226124944.0 008 060705s2004 fr u000 u fre u 020 $a2234056500 035 $a11095050 040 $aPUL$bita 100 1 $aRicoeur, Paul,$d1913-2005.$0(OLS)http://pul/name/31003 245 10$aParcours de la reconnaissance :$btrois études /$cPaul Ric{oelig}ur. 260 $aParis :$bStock,$c2004. 300 $a386 p. ;$c22 cm 490 1 $aLes essais 500 $aBibliografia in nota. 650 4$aGnoseologia.$0(OLS)http://pul/subject/1860 830 4$aLes essais.$0(OLS)http://pul/title/39012 850 $aPUL 852 $aPUL$W1$xSL Filosofia 3$y81$m121. 3 RICPA 1$j116430$nBK-PRI$b $qDDC 21$B116430$CPULBib$Z2$F116430 $HPUL101175 $81 941 1 $a9 996 $6020$a2234056500$9(OLS)http://pul/number/121672 996 $6245$aParcours de la reconnaissance :$btrois études$9(OLS)http://pul/title/119465 996 $6260$aParis :$bStock$9(OLS)http://pul/publisher/69198 LEADER 01444nam a2200277 a 4500 001 000000169693 003 CaOOAMICUS 005 20181003090958.0 008 181003s2005 it of u000 u ita r 032 $aLibriCat 040 $aPUL$bita 245 00$aComunisti e cattolici nella resistenza feltrina :$bmemoriali di scritti di protagonisti e testimoni /$ca cura di Giovanni Perenzin. 260 $aBelluno :$bIstituto storico bellunese della Resistenza e dell'età contemporanea,$c2005$a[S.l.] :$bAssociazione Santi martiri Vittore e Corona 300 $a238 p., [4] p. di tav. :$bfoto. ;$c22 cm. 490 1 $aNovecento ;$v04 504 $aBibliografia in nota. 650 4$aResistenza italiana.$0(OLS)http://pul/subject/20746 700 1 $aPerenzin, Giovanni.$0(OLS)http://pul/name/109219 830 0$aNovecento ;$v04.$0(OLS)http://pul/title/210330 850 $aPUL 852 $aPUL$W1$xDP1 Fondo Dalla Palma$y117$m10 A 38$j163701$qFondi$B197702$CPULBib$Z2$F197702 $HDal2285 $81 941 1 $a1 996 $6245$aComunisti e cattolici nella resistenza feltrina :$bmemoriali di scritti di protagonisti e testimoni$9(OLS)http://pul/title/210329 996 $6260$aBelluno :$bIstituto storico bellunese della Resistenza e dell'età contemporanea$9(OLS)http://pul/publisher/86915 996 $6260$a[S.l.] :$bAssociazione Santi martiri Vittore e Corona$9(OLS)http://pul/publisher/86916